| 000 | 00333cam a22001217a 4500 | ||
|---|---|---|---|
| 008 | 180718b1969 xxu||||| |||| 00| 0 eng d | ||
| 020 | _a11 340101 9 | ||
| 082 | _aQ4300x42 Un3 | ||
| 245 |
_aWorkloads in children's departments _cBy HMSO |
||
| 260 |
_aLondon _bHMSO _c1969 |
||
| 300 | _av, 75p. | ||
| 650 | _aChild welfare -- Great Britain | ||
| 999 |
_c413923 _d413923 |
||